[Event "Mittelfranken Landesliga Nord 2223"]
[Site "Mittelfranken"]
[Date "2023.03.19"]
[Round "8.8"]
[White "Schwarm, Werner"]
[Black "Hirn, Oskar"]
[Result "0-1"]
[WhiteElo "1751"]
[BlackElo "2152"]
[PlyCount "70"]
[EventDate "2022.10.09"]
[EventType "team-tourn"]
[EventRounds "9"]
[EventCountry "GER"]
[SourceTitle "EXT 2024"]
[Source "ChessBase"]
[SourceDate "2023.10.10"]
[SourceVersion "1"]
[SourceVersionDate "2023.10.10"]
[SourceQuality "1"]
[WhiteTeam "Altensittenbach"]
[BlackTeam "Nuernberg NT II"]
[WhiteTeamCountry "GER"]
[BlackTeamCountry "GER"]

1. e4 c5 2. Nc3 Nc6 3. g3 g6 4. Bg2 Bg7 5. d3 d6 6. h3 e6 7. Be3 Nge7 8. Nge2 Rb8 9. a4 0-0 10. Qd2 Nd4 11. Nd1 Nec6 12. Nxd4 Nxd4 13. Bxd4 Bxd4 14. c3 Bg7 15. 0-0 a6 16. Ne3 b5 17. axb5 axb5 18. Nc2 Qb6 19. Rfd1 f5 20. Kh2 f4 21. Qe2 Rb7 22. Rf1 Rbf7 23. Ne1 b4 24. Rc1 bxc3 25. bxc3 Qb3 26. c4 Bh6 27. Ra1 Bg7 28. Ra8 Qb7 29. Ra2 h6 30. Kg1 Qe7 31. Nf3 h5 32. Nh2 fxg3 33. fxg3 Bd4+ 34. Kh1 Rf2 35. Rxf2 Rxf2 0-1

[Event "Mittelfranken Landesliga Nord 2223"]
[Site "Mittelfranken"]
[Date "2023.01.15"]
[Round "5.7"]
[White "Beetz, Maximilian"]
[Black "Hirn, Oskar"]
[Result "1/2-1/2"]
[WhiteElo "2017"]
[BlackElo "2152"]
[PlyCount "119"]
[EventDate "2022.10.09"]
[EventType "team-tourn"]
[EventRounds "9"]
[EventCountry "GER"]
[SourceTitle "EXT 2024"]
[Source "ChessBase"]
[SourceDate "2023.10.10"]
[SourceVersion "1"]
[SourceVersionDate "2023.10.10"]
[SourceQuality "1"]
[WhiteTeam "Herzogenaurach"]
[BlackTeam "Nuernberg NT II"]
[WhiteTeamCountry "GER"]
[BlackTeamCountry "GER"]

1. d4 Nf6 2. c4 e6 3. Nf3 d5 4. g3 c6 5. Bg2 Nbd7 6. 0-0 Be7 7. Nc3 dxc4 8. e4 0-0 9. a4 Bb4 10. Qe2 Re8 11. e5 Nd5 12. Qxc4 a5 13. Ne4 b6 14. Qc2 Ba6 15. Rd1 Rc8 16. Nfd2 Be7 17. Nf3 c5 18. dxc5 Nxc5 19. Nxc5 Rxc5 20. Qe4 Rc4 21. Qe1 Qc8 22. Bg5 Bb4 23. Bd2 h6 24. Rac1 Bb7 25. Nd4 Re7 26. Nb5 Rxc1 27. Rxc1 Qd8 28. Rd1 Bc5 29. Qe2 Rd7 30. Bf3 Ba6 31. Kg2 Bxb5 32. Qxb5 Ne7 33. Qb3 Nf5 34. Bc3 Nd4 35. Bxd4 Rxd4 36. Qc2 Rxd1 37. Qxd1 Qd4 38. Qxd4 Bxd4 39. Be4 Bxe5 40. b3 Kf8 41. Bd3 Ke7 42. f4 Bd4 43. Kf3 f5 44. h3 Kf6 45. g4 g5 46. Bc4 Bc3 47. Bd3 Bd2 48. fxg5+ hxg5 49. gxf5 exf5 50. Be2 Ke5 51. Bd3 Kf6 52. Be2 Kg6 53. Bd3 Be1 54. Bc2 Kf6 55. Bd3 Ke5 56. Bc4 Kd4 57. Be6 Ke5 58. Bc4 Bb4 59. Bd3 Kf6 60. Be2 1/2-1/2

[Event "GER-ch Seniors 50 34th"]
[Site "Magdeburg"]
[Date "2022.08.14"]
[Round "3"]
[White "Puschendorf, Steffen"]
[Black "Hirn, Oskar"]
[Result "0-1"]
[WhiteElo "2107"]
[BlackElo "2188"]
[PlyCount "126"]
[EventDate "2022.08.12"]
[EventType "swiss"]
[EventRounds "9"]
[EventCountry "GER"]
[SourceTitle "CBM 209 Extra"]
[Source "ChessBase"]
[SourceDate "2022.09.30"]
[SourceVersion "1"]
[SourceVersionDate "2022.09.30"]
[SourceQuality "1"]

1. d4 Nf6 2. c4 e6 3. g3 d5 4. Nf3 c6 5. Qc2 Nbd7 6. Bg2 Be7 7. 0-0 0-0 8. Nbd2 b6 9. e4 dxe4 10. Nxe4 Nxe4 11. Qxe4 Bb7 12. Rd1 Re8 13. Bf4 Qc8 14. Ne5 Nxe5 15. dxe5 Rb8 16. Qc2 c5 17. Be4 h6 18. h4 Qc7 19. h5 Red8 20. Qe2 Rd4 21. Rxd4 cxd4 22. b3 Rd8 23. Rd1 Rd7 24. Qf3 Bxe4 25. Qxe4 Bc5 26. Rd3 a5 27. a4 Qd8 28. Bc1 Kh8 29. Kg2 Qc7 30. Kf3 Kg8 31. Kg2 Kh8 32. Kh3 Kg8 33. f4 Qd8 34. g4 Kh8 35. Bd2 Be7 36. Be1 Bc5 37. Bh4 Qc8 38. g5 hxg5 39. fxg5 Qe8 40. g6 Kg8 41. Rg3 Be7 42. Bxe7 Qxe7 43. Rd3 Qg5 44. Qg4 Qxe5 45. gxf7+ Kxf7 46. Qg6+ Ke7 47. Rf3 Kd6 48. Kh4 Qe1+ 49. Kg4 Qg1+ 50. Kf4 Qh2+ 51. Ke4 Qe2+ 52. Kf4 Kc7 53. Rd3 e5+ 54. Kg5 e4 55. Rg3 Qf2 56. Kg4 Qe2+ 57. Kh4 d3 58. c5 bxc5 59. Qa6 Qh2+ 60. Kg4 d2 61. Qxa5+ Kc6 62. Qb5+ Kd6 63. Qb6+ Kd5 0-1

[Event "Mittelfranken Landesliga Nord 2122"]
[Site "Mittelfranken"]
[Date "2022.05.15"]
[Round "5.6"]
[White "Monninger, Moritz Franz"]
[Black "Hirn, Oskar"]
[Result "0-1"]
[WhiteElo "2153"]
[BlackElo "2155"]
[PlyCount "62"]
[EventDate "2021.10.24"]
[EventType "team-tourn"]
[EventRounds "9"]
[EventCountry "GER"]
[SourceTitle "EXT 2024"]
[Source "ChessBase"]
[SourceDate "2023.10.10"]
[SourceVersion "1"]
[SourceVersionDate "2023.10.10"]
[SourceQuality "1"]
[WhiteTeam "Herzogenaurach"]
[BlackTeam "Nuernberg NT II"]
[WhiteTeamCountry "GER"]
[BlackTeamCountry "GER"]

1. d4 Nf6 2. Bg5 c5 3. d5 Ne4 4. Bf4 Qb6 5. Nd2 Nxd2 6. Bxd2 e5 7. e4 d6 8. Be2 Be7 9. Nf3 0-0 10. 0-0 f5 11. exf5 Bxf5 12. Ng5 Bxg5 13. Bxg5 Nd7 14. Bg4 Rae8 15. a4 Qb4 16. Bxf5 Rxf5 17. c3 Qc4 18. Qd2 e4 19. Rfd1 Ree5 20. Bf4 Rxd5 21. Qe3 Nf6 22. b3 Rxd1+ 23. Rxd1 Qxb3 24. Rxd6 Rxf4 25. h3 Rf5 26. Qg3 Kf7 27. Rd8 Qb6 28. Qb8 Rd5 29. Rf8+ Ke7 30. g4 e3 31. fxe3 Rd2 0-1

[Event "Nuremberg op"]
[Site "Nuremberg"]
[Date "2019.11.16"]
[Round "3"]
[White "Hirn, Oskar"]
[Black "Biefel, Christian"]
[Result "1-0"]
[WhiteElo "2168"]
[BlackElo "1901"]
[PlyCount "71"]
[EventDate "2019.11.15"]
[EventType "swiss"]
[EventRounds "5"]
[EventCountry "GER"]
[SourceTitle "CBM 193 Extra"]
[Source "ChessBase"]
[SourceDate "2020.01.31"]
[SourceVersion "1"]
[SourceVersionDate "2020.01.31"]
[SourceQuality "1"]

1. d4 d5 2. Nf3 Nf6 3. c4 e6 4. Nc3 Be7 5. Qc2 0-0 6. Bg5 h6 7. Bh4 b6 8. e3 Bb7 9. cxd5 exd5 10. Bd3 Nbd7 11. 0-0 c5 12. dxc5 bxc5 13. Rad1 Rc8 14. Bf5 Ra8 15. Bxd7 Qxd7 16. Bxf6 Bxf6 17. Ne4 Qf5 18. Nxf6+ Qxf6 19. Qxc5 Ba6 20. Rfe1 Qxb2 21. Rd2 Qf6 22. Rxd5 Bb7 23. Rd6 Qe7 24. Qe5 Qc7 25. Nd4 Rae8 26. Qg3 Qc3 27. Rd1 Kh7 28. h4 Be4 29. Rd7 a5 30. Qc7 Rc8 31. Qf4 Bg6 32. Qf3 Rc5 33. Ne6 fxe6 34. Qxf8 Rf5 35. Qd6 Qf6 36. Qg3 1-0

[Event "Landesliga Nord 1920"]
[Site "Bayern"]
[Date "2019.10.20"]
[Round "1.5"]
[White "Burggraf, Michael"]
[Black "Hirn, Oskar"]
[Result "1/2-1/2"]
[WhiteElo "1994"]
[BlackElo "2164"]
[PlyCount "44"]
[EventDate "2019.09.29"]
[EventType "team-tourn"]
[EventRounds "9"]
[EventCountry "GER"]
[SourceTitle "EXT 2021"]
[Source "ChessBase"]
[SourceDate "2020.10.23"]
[SourceVersion "1"]
[SourceVersionDate "2020.10.23"]
[SourceQuality "1"]
[WhiteTeam "Forchheim"]
[BlackTeam "Nuernberg NT II"]
[WhiteTeamCountry "GER"]
[BlackTeamCountry "GER"]

1. e4 c5 2. Nc3 Nc6 3. g3 g6 4. Bg2 Bg7 5. d3 e5 6. Be3 d6 7. Qd2 Nge7 8. Bh6 Bxh6 9. Qxh6 Nd4 10. Rc1 Be6 11. Qg7 Kd7 12. Qh6 Qf8 13. Qd2 h5 14. h4 Qh6 15. f4 Bg4 16. Nd1 b6 17. c3 Ne6 18. Nh3 Bxh3 19. Bxh3 exf4 20. gxf4 Kc7 21. 0-0 Rad8 22. c4 Rhe8 1/2-1/2

[Event "Oberliga Bayern 1718"]
[Site "Bayern"]
[Date "2018.04.15"]
[Round "9.2"]
[White "Wisnet, Dominic"]
[Black "Hirn, Oskar"]
[Result "1-0"]
[WhiteElo "2274"]
[BlackElo "2241"]
[PlyCount "64"]
[EventDate "2017.10.22"]
[EventType "team-tourn"]
[EventRounds "9"]
[EventCountry "GER"]
[SourceTitle "EXT 2020"]
[Source "ChessBase"]
[SourceDate "2019.10.17"]
[SourceVersion "1"]
[SourceVersionDate "2019.10.17"]
[SourceQuality "1"]
[WhiteTeam "Passau"]
[BlackTeam "Nuernberg NT II"]
[WhiteTeamCountry "GER"]
[BlackTeamCountry "GER"]

1. Nf3 Nf6 2. d4 e6 3. Bf4 b6 4. e3 Bb7 5. Nbd2 Be7 6. h3 0-0 7. Bd3 c5 8. c3 d5 9. 0-0 Nbd7 10. Qe2 Ne4 11. Rfd1 Nxd2 12. Rxd2 Nf6 13. Ne5 c4 14. Bc2 b5 15. a3 Ne4 16. Rdd1 f6 17. Ng4 Qb6 18. f3 Nd6 19. e4 Nf7 20. Kh1 Rfe8 21. Bh2 Bf8 22. e5 f5 23. Ne3 a5 24. g4 g6 25. Rg1 Kh8 26. h4 Bh6 27. f4 b4 28. Rae1 Rg8 29. h5 Rae8 30. hxg6 hxg6 31. Rg3 Bxf4 32. Rh3+ Kg7 1-0

[Event "Nuremberg Zabo op 19th"]
[Site "Nuremberg"]
[Date "2017.09.17"]
[Round "5"]
[White "Heimrath, Reiner"]
[Black "Hirn, Oskar"]
[Result "1-0"]
[WhiteElo "2208"]
[BlackElo "2170"]
[PlyCount "83"]
[EventDate "2017.09.15"]
[EventType "swiss"]
[EventRounds "5"]
[EventCountry "GER"]
[SourceTitle "EXT 2022"]
[Source "ChessBase"]
[SourceDate "2021.10.06"]
[SourceVersion "1"]
[SourceVersionDate "2021.10.06"]
[SourceQuality "1"]

1. e4 c5 2. Nf3 d6 3. Bb5+ Bd7 4. a4 Nc6 5. 0-0 e6 6. Re1 Be7 7. Nc3 a6 8. Bxc6 bxc6 9. d3 e5 10. a5 Rb8 11. Nd2 Nf6 12. Nc4 0-0 13. b3 Ne8 14. f4 exf4 15. Bxf4 Be6 16. Kh1 Rb7 17. Qf3 Nc7 18. e5 d5 19. Nd6 Bxd6 20. exd6 Nb5 21. Nxb5 Rxb5 22. Qg3 Kh8 23. Be5 Rg8 24. Bc3 Rb7 25. h4 Rb5 26. Bd2 Qd7 27. Ra4 Rd8 28. Bf4 Rb7 29. Be5 Rg8 30. Rf4 h6 31. Rf2 Rb4 32. Kg1 Kh7 33. Bf4 Rd8 34. h5 Rg8 35. Rfe2 Rd8 36. Rxe6 fxe6 37. Bxh6 Rb7 38. Qg6+ Kh8 39. Bg5 Rg8 40. Rxe6 Qf7 41. Qxf7 Rxf7 42. Be7 1-0

[Event "Nuremberg Zabo op 19th"]
[Site "Nuremberg"]
[Date "2017.09.16"]
[Round "3"]
[White "Vogiatzis, Dimitrios"]
[Black "Hirn, Oskar"]
[Result "1/2-1/2"]
[WhiteElo "1948"]
[BlackElo "2170"]
[PlyCount "33"]
[EventDate "2017.09.15"]
[EventType "swiss"]
[EventRounds "5"]
[EventCountry "GER"]
[SourceTitle "EXT 2022"]
[Source "ChessBase"]
[SourceDate "2021.10.06"]
[SourceVersion "1"]
[SourceVersionDate "2021.10.06"]
[SourceQuality "1"]

1. e4 d6 2. d4 Nf6 3. Nd2 e5 4. c3 Be7 5. Ngf3 Nbd7 6. Bc4 0-0 7. 0-0 c6 8. h3 b5 9. Bb3 a6 10. Re1 Qc7 11. Nf1 c5 12. Ng3 c4 13. Bc2 Re8 14. Bd2 Rb8 15. a3 Nf8 16. Nf5 Ng6 17. Nh2 1/2-1/2

[Event "Nuremberg Zabo op 18th"]
[Site "Nuremberg"]
[Date "2016.09.17"]
[Round "3"]
[White "Link, Andreas"]
[Black "Hirn, Oskar"]
[Result "0-1"]
[WhiteElo "1977"]
[BlackElo "2129"]
[PlyCount "66"]
[EventDate "2016.09.16"]
[EventType "swiss"]
[EventRounds "5"]
[EventCountry "GER"]
[SourceTitle "EXT 2018"]
[Source "ChessBase"]
[SourceDate "2017.10.13"]
[SourceVersion "1"]
[SourceVersionDate "2017.10.13"]
[SourceQuality "1"]

1. e4 d6 2. d4 Nf6 3. Nc3 g6 4. f4 Bg7 5. Nf3 0-0 6. Bd3 Nc6 7. d5 Nb4 8. Be2 e6 9. a3 Na6 10. Be3 exd5 11. exd5 Re8 12. Bd4 Nc5 13. 0-0 Ng4 14. Bxg7 Kxg7 15. Qd4+ Qf6 16. Bb5 Bd7 17. Bxd7 Nxd7 18. Rae1 Qxd4+ 19. Nxd4 a6 20. a4 Ndf6 21. Rxe8 Rxe8 22. h3 Ne3 23. Re1 Kf8 24. Ne6+ fxe6 25. Rxe3 exd5 26. Rd3 Re1+ 27. Kf2 Rc1 28. Rd2 d4 29. Rxd4 Rxc2+ 30. Kf1 Rxb2 31. g4 Rb3 32. Rc4 c5 33. a5 Rb4 0-1

[Event "Pyramiden Franken Cup"]
[Site "Fuerth"]
[Date "2016.09.02"]
[Round "3"]
[White "Braeuer, Franz"]
[Black "Hirn, Oskar"]
[Result "1-0"]
[WhiteElo "2406"]
[BlackElo "2238"]
[PlyCount "41"]
[EventDate "2016.09.01"]
[EventType "swiss"]
[EventRounds "7"]
[EventCountry "GER"]
[SourceTitle "CBM 174 Extra"]
[Source "ChessBase"]
[SourceDate "2016.10.10"]
[SourceVersion "1"]
[SourceVersionDate "2016.10.10"]
[SourceQuality "1"]

1. Nf3 Nf6 2. c4 e6 3. g3 d5 4. Bg2 Be7 5. d4 dxc4 6. 0-0 0-0 7. Ne5 Nc6 8. Nxc6 bxc6 9. Na3 Bxa3 10. bxa3 Nd5 11. Qa4 Nb6 12. Qxc6 Rb8 13. Qc5 Bb7 14. e4 Qd6 15. Bf4 Qxc5 16. dxc5 Na4 17. Rfc1 Ba6 18. c6 Rfc8 19. Be3 Nb6 20. Rab1 h6 21. Rb4 1-0

[Event "Mittelfranken-ch HT"]
[Site "Nuremberg"]
[Date "2016.03.25"]
[Round "8"]
[White "Hirn, Oskar"]
[Black "Heimrath, Reiner"]
[Result "1-0"]
[WhiteElo "2209"]
[BlackElo "2156"]
[PlyCount "85"]
[EventDate "2016.03.22"]
[EventType "swiss"]
[EventRounds "9"]
[EventCountry "GER"]
[SourceTitle "EXT 2018"]
[Source "ChessBase"]
[SourceDate "2017.10.13"]
[SourceVersion "1"]
[SourceVersionDate "2017.10.13"]
[SourceQuality "1"]

1. d4 f5 2. g3 Nf6 3. Bg2 g6 4. c3 Bg7 5. Qb3 a5 6. a4 Na6 7. Nh3 e6 8. 0-0 0-0 9. Nd2 Kh8 10. Nc4 d5 11. Nxa5 Ra7 12. Qc2 c5 13. Nb3 c4 14. Nd2 Bd7 15. b3 cxb3 16. Qxb3 Qa8 17. Ba3 Rc8 18. Ng5 Kg8 19. Rfb1 h6 20. Ngf3 Kh7 21. Ne5 Be8 22. a5 Nd7 23. f4 Nxe5 24. fxe5 Nb8 25. Bc5 Rxc5 26. dxc5 Bc6 27. Nf3 Nd7 28. Nd4 Qe8 29. a6 Bxe5 30. axb7 Rxa1 31. Rxa1 Nxc5 32. Qb6 Bxd4+ 33. cxd4 Nxb7 34. Ra7 Qc8 35. e3 h5 36. Bf1 Kh6 37. Ba6 h4 38. gxh4 Kh5 39. Qb2 Kxh4 40. Bxb7 Qb8 41. Qf2+ Kg4 42. Qg2+ Kh5 43. Ra8 1-0

[Event "Mittelfranken-ch HT"]
[Site "Nuremberg"]
[Date "2016.03.23"]
[Round "4"]
[White "Hirn, Oskar"]
[Black "Reis, Gerhard"]
[Result "1-0"]
[WhiteElo "2209"]
[BlackElo "2220"]
[PlyCount "101"]
[EventDate "2016.03.22"]
[EventType "swiss"]
[EventRounds "9"]
[EventCountry "GER"]
[SourceTitle "EXT 2018"]
[Source "ChessBase"]
[SourceDate "2017.10.13"]
[SourceVersion "1"]
[SourceVersionDate "2017.10.13"]
[SourceQuality "1"]

1. d4 Nf6 2. Nf3 g6 3. Bf4 Bg7 4. c3 b6 5. Nbd2 Bb7 6. h3 0-0 7. e3 c5 8. Bd3 d6 9. Qe2 a6 10. 0-0 Nbd7 11. Bh2 Re8 12. e4 cxd4 13. cxd4 Nf8 14. Rac1 Ne6 15. Rfd1 b5 16. b4 Nh5 17. Qe3 Qb6 18. Nb3 Rac8 19. d5 Qxe3 20. fxe3 Nf8 21. Na5 Ba8 22. a4 e6 23. axb5 exd5 24. Rxc8 Rxc8 25. b6 dxe4 26. Bxa6 Rb8 27. b7 Bxb7 28. Bxb7 exf3 29. Bxd6 Re8 30. Bxf3 Bh6 31. Nc4 Nd7 32. Bc6 Rc8 33. b5 Nb6 34. Nxb6 Bxe3+ 35. Kf1 Bxb6 36. Ra1 Rd8 37. Ra6 Rxd6 38. Rxb6 Ng3+ 39. Kf2 Nf5 40. Rb8+ Kg7 41. Be4 Nd4 42. b6 Ne6 43. b7 Nc5 44. Rg8+ Kxg8 45. b8Q+ Kg7 46. Bf3 Nd3+ 47. Kg3 Re6 48. Qd8 Ne5 49. Bd5 Rf6 50. Qe7 Nd3 51. Qe3 1-0

[Event "Mittelfranken-ch HT"]
[Site "Nuremberg"]
[Date "2016.03.22"]
[Round "2"]
[White "Hirn, Oskar"]
[Black "Boehme, Sebastian1111"]
[Result "1-0"]
[WhiteElo "2209"]
[BlackElo "1766"]
[PlyCount "79"]
[EventDate "2016.03.22"]
[EventType "swiss"]
[EventRounds "9"]
[EventCountry "GER"]
[SourceTitle "EXT 2018"]
[Source "ChessBase"]
[SourceDate "2017.10.13"]
[SourceVersion "1"]
[SourceVersionDate "2017.10.13"]
[SourceQuality "1"]

1. d4 e6 2. c4 f5 3. g3 Nf6 4. Bg2 c6 5. Nh3 d5 6. 0-0 Bd6 7. Bf4 0-0 8. Nd2 b6 9. Rc1 Bb7 10. Nf3 Qe7 11. Ne5 Nbd7 12. cxd5 cxd5 13. Nc6 Bxc6 14. Rxc6 Ne8 15. Qb3 Nb8 16. Rxd6 Nxd6 17. Bxd5 Nd7 18. Bxa8 Rxa8 19. Qa3 Nc8 20. Rc1 Qxa3 21. bxa3 h6 22. Rc7 Nf6 23. Be5 Ne8 24. Rd7 g5 25. a4 a6 26. f3 b5 27. a5 Na7 28. Re7 Nc6 29. Rxe6 Nxe5 30. dxe5 Kh7 31. Nf2 Ng7 32. Rc6 Re8 33. Nd3 Re6 34. Rb6 Kg8 35. f4 Kf7 36. Nc5 Re8 37. Rxa6 gxf4 38. gxf4 Nh5 39. Nd3 Rc8 40. Rxh6 1-0

[Event "Pyramiden Franken Cup"]
[Site "Fuerth"]
[Date "2015.09.04"]
[Round "2"]
[White "Beesk, Kevin"]
[Black "Hirn, Oskar"]
[Result "1-0"]
[WhiteElo "1921"]
[BlackElo "2212"]
[PlyCount "81"]
[EventDate "2015.09.03"]
[EventType "swiss"]
[EventRounds "7"]
[EventCountry "GER"]
[SourceTitle "EXT 2016"]
[Source "ChessBase"]
[SourceDate "2015.10.08"]
[SourceVersion "1"]
[SourceVersionDate "2015.10.08"]
[SourceQuality "1"]

1. Nc3 d5 2. e4 dxe4 3. Nxe4 Nd7 4. Bc4 e6 5. Qe2 Ngf6 6. d3 Be7 7. f4 0-0 8. Nf3 a6 9. a4 Rb8 10. 0-0 b5 11. axb5 axb5 12. Bb3 Bb7 13. h3 Nxe4 14. dxe4 Nc5 15. Nd2 Qd4+ 16. Kh2 Nxb3 17. cxb3 Rfd8 18. Qxb5 Bxe4 19. Qc4 Bd3 20. Qxd4 Rxd4 21. Rf2 Bc5 22. Ra5 Rd5 23. Rf3 Be2 24. Rc3 Bg1+ 25. Kxg1 Rxa5 26. Rxc7 h6 27. Kf2 Bd1 28. Nc4 Ra6 29. Ne5 f6 30. Nd7 Rb5 31. Nc5 Rd6 32. f5 exf5 33. Bf4 Rd5 34. Ne6 g5 35. Be3 Rxb3 36. Bd4 Rd3 37. Rg7+ Kh8 38. Bxf6 Rd2+ 39. Kg1 Rd6 40. Rxg5+ Kh7 41. Nf8# 1-0

[Event "Pyramiden Franken Cup"]
[Site "Fuerth"]
[Date "2015.09.03"]
[Round "1"]
[White "Hirn, Oskar"]
[Black "Kuespert, Helmut"]
[Result "1-0"]
[WhiteElo "2212"]
[BlackElo "1934"]
[PlyCount "67"]
[EventDate "2015.09.03"]
[EventType "swiss"]
[EventRounds "7"]
[EventCountry "GER"]
[SourceTitle "EXT 2016"]
[Source "ChessBase"]
[SourceDate "2015.10.08"]
[SourceVersion "1"]
[SourceVersionDate "2015.10.08"]
[SourceQuality "1"]

1. d4 Nf6 2. c4 c5 3. d5 b5 4. a4 bxc4 5. Nc3 d6 6. e4 g6 7. Nf3 Bg7 8. Nd2 0-0 9. Be2 Bb7 10. Nxc4 Nbd7 11. 0-0 Ne8 12. Bf4 Ba6 13. Qd2 Rb8 14. Nb5 Bxb5 15. axb5 Rxb5 16. Rxa7 Nb6 17. Na5 Rxb2 18. Qxb2 Bxb2 19. Nc6 Nc8 20. Rb7 Qc7 21. Rxc7 Nxc7 22. Rb1 Bf6 23. Rb7 Na8 24. Bh6 Bg7 25. Bg5 e6 26. Rb8 Ncb6 27. Bd8 exd5 28. exd5 Nxd5 29. Rxa8 Nc3 30. Bf3 d5 31. Ne7+ Kh8 32. Nxd5 Nxd5 33. Bxd5 c4 34. Bxc4 1-0

[Event "Mittelfranken-ch HT"]
[Site "Nuremberg"]
[Date "2015.04.02"]
[Round "6"]
[White "Hirn, Oskar"]
[Black "Miller, Eduard"]
[Result "0-1"]
[WhiteElo "2218"]
[BlackElo "2157"]
[PlyCount "80"]
[EventDate "2015.03.31"]
[EventType "swiss"]
[EventRounds "9"]
[EventCountry "GER"]
[SourceTitle "EXT 2016"]
[Source "ChessBase"]
[SourceDate "2015.10.08"]
[SourceVersion "1"]
[SourceVersionDate "2015.10.08"]
[SourceQuality "1"]

1. d4 Nf6 2. c4 c5 3. d5 e5 4. Nc3 d6 5. e4 Be7 6. g3 0-0 7. Bg2 a6 8. Nge2 Nbd7 9. 0-0 Ne8 10. Be3 g6 11. Nc1 b5 12. cxb5 axb5 13. Nd3 b4 14. Ne2 Ng7 15. f4 exf4 16. gxf4 Ba6 17. Ng3 Bf6 18. Rf2 Bc4 19. e5 dxe5 20. Nxc5 exf4 21. Nxd7 Qxd7 22. Rxf4 Bg5 23. Ne4 Nf5 24. Bf2 Bd8 25. Nc5 Qb5 26. b3 Be2 27. Qe1 Rb8 28. Re4 Bf6 29. Rc1 Bg5 30. Rc2 Bd3 31. Nxd3 Qxd3 32. Rcc4 Qxd5 33. Rxb4 Rxb4 34. Rxb4 Qd6 35. Rb6 Qa3 36. Qe2 Rd8 37. Rb7 Qc1+ 38. Bf1 Ne3 39. Be1 Rd5 40. Rb5 Rxb5 0-1